Los medios de pago y la base monetaria en Colombia 1923-1979 / (Registro nro. 8229)

Detalles MARC
000 -LEADER
fixed length control field 01141nam a2200229Ia 4500
003 - CONTROL NUMBER IDENTIFIER
control field OSt
005 - DATE AND TIME OF LATEST TRANSACTION
control field 20210804140607.0
008 - FIXED-LENGTH DATA ELEMENTS--GENERAL INFORMATION
fixed length control field 210310s1980 ck ad fr 000 0 spa d
040 ## - CATALOGING SOURCE
Original cataloging agency CO-JMCR
Transcribing agency CO-JMCR
041 0# - LANGUAGE CODE
Language code of text/sound track or separate title spa
082 04 - DEWEY DECIMAL CLASSIFICATION NUMBER
Classification number 332.175309861 /
Item number F293m
Edition number 23
110 2# - MAIN ENTRY--CORPORATE NAME
Corporate name or jurisdiction name as entry element Federación Nacional de Cafeteros de Colombia
9 (RLIN) 36376
245 14 - TITLE STATEMENT
Title Los medios de pago y la base monetaria en Colombia 1923-1979 /
Statement of responsibility, etc. Federación Nacional de Cafeteros de Colombia
260 ## - PUBLICATION, DISTRIBUTION, ETC.
Place of publication, distribution, etc. Bogotá :
Name of publisher, distributor, etc. Fondo Cultural Cafetero,
Date of publication, distribution, etc. 1980
300 ## - PHYSICAL DESCRIPTION
Extent 152 páginas,[5] hojas plegables :
Other physical details ilustraciones y gráficas a color ;
Dimensions 24 cm
500 ## - GENERAL NOTE
General note Incluye notas a pie de página.
504 ## - BIBLIOGRAPHY, ETC. NOTE
Bibliography, etc. note Bibliografía: páginas 151-152
505 0# - FORMATTED CONTENTS NOTE
Formatted contents note Síntesis teórica y metodológica -- Evolución de los medios de pago durante el periodo 1923-1979 -- La evolución de la base monetaria durante el periodo 1932-1979 -- El sector cafetero y su influencia en la expansión de la base monetaria y los medios de pago (M) 1968-1979
650 14 - SUBJECT ADDED ENTRY--TOPICAL TERM
Topical term or geographic name entry element Sistemas de pago
9 (RLIN) 16689
Chronological subdivision 1923-1979
Geographic subdivision Colombia
650 24 - SUBJECT ADDED ENTRY--TOPICAL TERM
Topical term or geographic name entry element Préstamos bancarios
Chronological subdivision 1923-1979
Geographic subdivision Colombia
9 (RLIN) 39051
942 ## - ADDED ENTRY ELEMENTS (KOHA)
Source of classification or shelving scheme Dewey Decimal Classification
Koha item type Books
Existencias
Withdrawn status Lost status Source of classification or shelving scheme Damaged status Not for loan Collection code Home library Current library Date acquired Source of acquisition Full call number Barcode Date last seen Copy number Koha item type Price effective from
    Dewey Decimal Classification     Non-fiction Biblioteca Pública José María del Castillo y Rada Biblioteca Pública José María del Castillo y Rada 04/15/2018 Donación 332.175309861 / F293m 201811664 05/16/2024 Ej.2 Books  
    Dewey Decimal Classification     Non-fiction Biblioteca Pública José María del Castillo y Rada Biblioteca Pública José María del Castillo y Rada 04/15/2018 Donación 332.175309861 / F293m 201811663 05/16/2024 Ej.1 Books 08/04/2021